SBEM for non-domestic buildings (Record no. 106642)

MARC details
000 -LEADER
fixed length control field 01250cam a22002415a 4500
001 - CONTROL NUMBER
control field L137111
008 - FIXED-LENGTH DATA ELEMENTS--GENERAL INFORMATION
fixed length control field 070314s2007 xxkao f 000 0 eng d
020 ## - INTERNATIONAL STANDARD BOOK NUMBER
International Standard Book Number 1860819575
-- 9781860819575
035 ## - SYSTEM CONTROL NUMBER
System control number (Sirsi) u137111
041 0# - LANGUAGE CODE
Language code of text/sound track or separate title eng
050 04 - LIBRARY OF CONGRESS CALL NUMBER
Classification number 692.2 $2 18
100 1# - MAIN ENTRY--PERSONAL NAME
Personal name Johnson, Tony
245 00 - TITLE STATEMENT
Title SBEM for non-domestic buildings
260 ## - PUBLICATION, DISTRIBUTION, ETC.
Place of publication, distribution, etc. Watford
Name of publisher, distributor, etc. IHS BRE Press
Date of publication, distribution, etc. 2007
300 ## - PHYSICAL DESCRIPTION
Extent 12p.
Other physical details ill.
Dimensions 30cm.
490 #0 - SERIES STATEMENT
Series statement BRE Information Paper
Volume/sequential designation (2/07)
520 ## - SUMMARY, ETC.
Summary, etc. The Simplified Building Energy Model (SBEM) has been developed as the default calculation for the energy performance of non-domestic buildings. This paper describes the basis of SBEM, the input information it requires and from where this information is derived, and which energy consumption issues are included in the calculation. Also considers how SBEM may be used for a number of applications in addition to its core function of performing the CO2 component of building regulation compliance checks for new buildings.
520 ## - SUMMARY, ETC.
Summary, etc. Superseded by BRE Information Paper 7/10 (ISBN 9781848061309).
650 24 - SUBJECT ADDED ENTRY--TOPICAL TERM
Topical term or geographic name entry element DIRECTIVE 2002/91/EC
651 #4 - SUBJECT ADDED ENTRY--GEOGRAPHIC NAME
Geographic name United Kingdom
Chronological subdivision
690 ## - LOCAL SUBJECT ADDED ENTRY--TOPICAL TERM (OCLC, RLIN)
Topical term or geographic name as entry element ENVIRONMENTAL AND LAND CONSULTANCY-ENERGY-ENERGY USE-ENERGY USE ASSESSMENT
942 ## - ADDED ENTRY ELEMENTS (KOHA)
Suppress in OPAC 0
Holdings
Withdrawn status Lost status Source of classification or shelving scheme Damaged status Not for loan Home library Current library Shelving location Date acquired Total Checkouts Full call number Barcode Date last seen Date last checked out Copy number Price effective from Koha item type
    Dewey Decimal Classification     London London Boxed set 21/08/2007 2 BRE 30071653 06/08/2019 08/12/2008 1 06/08/2019 Book